书目信息 |
| 题名: |
民法思维与商标权救济
|
|
| 作者: | 汪泽 著 | |
| 分册: | ||
| 出版信息: | 北京 商务印书馆 2020.05 |
|
| 页数: | x, 293页 | |
| 开本: | 21cm | |
| 丛书名: | ||
| 单 册: | ||
| 中图分类: | D923.04 | |
| 科图分类: | ||
| 主题词: | 民法--min fa--研究--中国 , 商标权--shang biao quan--研究--中国 | |
| 电子资源: | ||
| ISBN: | 978-7-100-18116-7 | |
| 000 | 00931nam0 2200277 450 | |
| 001 | 0100028367 | |
| 005 | 20211025120158.0 | |
| 010 | @a978-7-100-18116-7@dCNY58.00 | |
| 100 | @a20200714d2020 em y0chiy50 ea | |
| 101 | 0 | @achi |
| 102 | @aCN@b110000 | |
| 105 | @ay a 000yy | |
| 106 | @ar | |
| 200 | 1 | @a民法思维与商标权救济@Amin fa si wei yu shang biao quan jiu ji@f汪泽著 |
| 210 | @a北京@c商务印书馆@d2020.05 | |
| 215 | @ax, 293页@d21cm | |
| 312 | @a英文题名取自封面 | |
| 320 | @a有书目 | |
| 330 | @a本书主要内容包括: 商标与符号、商标权与物权、商标使用与符号使用、商标近似与符号近似、商标权的民事救济体系、不当得利返还请求权等。 | |
| 510 | 1 | @aCivil law remedies for trademark infringements@zeng |
| 606 | 0 | @a民法@Amin fa@x研究@y中国 |
| 606 | 0 | @a商标权@Ashang biao quan@x研究@y中国 |
| 690 | @aD923.04@v5 | |
| 701 | 0 | @a汪泽@Awang ze@4著 |
| 801 | 0 | @aCN@c20210909 |
| 905 | @a河南城建学院图书馆@dD923.04@eW081 | |
| 民法思维与商标权救济/汪泽著.-北京:商务印书馆,2020.05 |
| x, 293页;21cm |
| ISBN 978-7-100-18116-7:CNY58.00 |
| 本书主要内容包括: 商标与符号、商标权与物权、商标使用与符号使用、商标近似与符号近似、商标权的民事救济体系、不当得利返还请求权等。 |
| ● |
| 相关链接 |
|
|
|
正题名:民法思维与商标权救济
索取号:D923.04/W081
 
预约/预借
| 序号 | 登录号 | 条形码 | 馆藏地/架位号 | 状态 | 备注 |
| 1 | 1545225 | 215452258 | 社科库509/509社科库 91排7列3层/ [索取号:D923.04/W081] | 在馆 | |
| 2 | 1545226 | 215452267 | 社科库509/509社科库 91排7列3层/ [索取号:D923.04/W081] | 在馆 |